The life and work of Blessed Robert Francis, Cardinal Bellarmine, S.J., 1542-1621 (Registro nro. 86968)

Detalles MARC
000 -ENCABEZADO
Número de control [NR] 00695nam a22001817a 4500
008 - DE LONGITUD FIJA DE DATOS DE ELEMENTOS - INFORMACIÓN GENERAL
Elementos de longitud fija [NR] 130821s1928 enk gr deng
040 ## - FUENTE DE CATALOGACION [NR]
Agencia de catalogación original [NR] Co-BoUCM
Idioma de catalogación [NR] spa
041 00 - CODIGO DE IDIOMA [R]
Código de idioma para texto/pista de sonido o título separado [R] Inglés
100 ## - ASIENTO PRINCIPAL--NOMBRE PERSONAL [NR]
Nombre personal [NR] Brodrick, James
ID Autoridad 150228
245 04 - MENCION DE TITULO [NR]
Título [NR] The life and work of Blessed Robert Francis, Cardinal Bellarmine, S.J., 1542-1621
Mención de responsabilidad, etc. [NR] James Brodrick
260 ## - PUBLICACION, DISTRIBUCION, ETC. (PIE DE IMPRENTA) [R]
Lugar de publicación, distribución, etc. [R] Londres (Inglaterra)
Nombre del editor, distribuidor, etc. [R] Burns Oates and Washbourne Ltda
Fecha de publicación, distribución, etc. [R] 1928
300 ## - DESCRIPCION FISICA [R]
Extensión [R] 2 volúmenes
600 ## - ASIENTO SECUNDARIO DE MATERIA - NOMBRE PERSONAL [R]
Nombre personal [NR] Belarmino, Roberto
Títulos y otras palabras asociadas con el nombre [R] Cardenal
Fechas asociadas con el nombre [NR] 1542-1621
9 (RLIN) 150249
600 ## - ASIENTO SECUNDARIO DE MATERIA - NOMBRE PERSONAL [R]
Nombre personal [NR] Belarmino, Roberto
Títulos y otras palabras asociadas con el nombre [R] Cardenal
Fechas asociadas con el nombre [NR] 1542-1621
Subdivisión de forma [R] Biografías
9 (RLIN) 150250
650 04 - ASIENTO SECUNDARIO DE MATERIA - TERMINO TEMATICO [R]
Término temático o nombre geográfico como elemento de entrada [NR] Biografías
9 (RLIN) 7343
942 ## - ELEMENTOS DE ENTRADA AGREGADOS (KOHA)
Tipo de ítem principal el descrito en 300a Libro
Tema principal Biografías
Edición 1
Parte restante de la signatura top. B76
Título oculto en OPAC No
Sistema de clasificación DEWEY
Clasificación 922.2
Existencias
Total préstamos Signatura topográfica Código de barras Última vez visto Volúmen / Fascículo Ejemplar Price effective from Tipo de ítem Perdido Sistema de clasificación Dañado No prestable Tipo de ítem específico Suprimido Ubicación habitual Ubicación actual Localización Fecha de creación Forma de adquisición Costo
  FCS 922.2 B76 120000327 06/07/2012 V.2 Ej.1 03/02/2013 Libro   DEWEY     Fondos especiales     Archivo Histórico Archivo histórico 28/02/2003 Donación 1000.00
  FCS 922.2 B76 120000326 06/07/2012 V.1 Ej.1 03/02/2013 Libro   DEWEY     Fondos especiales   Bodega Bodega Préstamo 4 días después de solicitado 28/02/2003 Donación 1000.00